000 00760nam a22001337a 4500
040 _cRUA
082 _aFOR KOH 2010 B139 Or.1
100 _aKOH, SOTHEAVY.
245 _aForest cover assessment by using RS and GIS technique in prasat sambour district kampong thom province, ការវាយតំលៃគម្របព្រៃឈើតាមរយៈរូបភាពផ្កាយរណបដោយប្រើប្រាស់បច្ចេកវិទ្យាRS និងGISលើស្រុកប្រាទសំបូរ ខេត្តកំពង់ធំ
260 _aPhnom Penh
_bRUA
_c2010
300 _aix; 46p.
_bill.
_c29cm.
856 _uhttps://drive.google.com/file/d/1t6XJcRBeRd5MqzrDnjqLpxtwNl9T87UJ/view?usp=sharing
942 _cFOR
999 _c3404
_d3404